| 000 | 01446cam a2200349 4500 | ||
|---|---|---|---|
| 001 | a158064 | ||
| 002 | 19778 | ||
| 008 | 011218s2013 000 0 eng u | ||
| 020 | _a9781137030177 | ||
| 035 | _a(Sirsi) u158064 | ||
| 041 | 0 | _aeng | |
| 050 | _a690 $2 18 | ||
| 100 | _aRiley, Mike | ||
| 245 |
_aConstruction technology _bvolume 1 - house construction |
||
| 260 |
_aBasingstoke _bPalgrave Macmillan _c2013 |
||
| 300 |
_aix, 382p. _c25cm. |
||
| 350 | _a36.99 | ||
| 490 |
_aPalgrave Construction Technology _v1 |
||
| 520 | _aIt is a widely used and popular textbook designed specifically to support the study of domestic house construction at undergraduate degree adn HNC/HND level. Its student-friendly layout features take you through each step of the building process from planning to internal finishes. | ||
| 650 | _aHOUSE CONSTRUCTION | ||
| 650 | _aCONSTRUCTION TECHNOLOGY | ||
| 650 | _aBUILT ENVIRONMENT-BUILDING ELEMENTS-COMPLETE BUILDING ELEMENTS-FOUNDATIONS | ||
| 650 | _aBUILT ENVIRONMENT-BUILDING ELEMENTS-COMPLETE BUILDING ELEMENTS-WALLS-EXTERNAL WALLS | ||
| 650 | _aROOF STRUCTURES | ||
| 650 | _aBUILT ENVIRONMENT-BUILDING ELEMENTS-PARTS OF BUILDING ELEMENTS-OPENINGS-WINDOWS | ||
| 650 | _aDOORS | ||
| 650 | _aBUILT ENVIRONMENT-BUILDING ELEMENTS-PARTS OF BUILDING ELEMENTS-INTERNAL FINISHES | ||
| 651 | 4 | _aENGLAND AND WALES | |
| 690 | _aBUILT ENVIRONMENT | ||
| 700 | _aCotgrave, Alison | ||
| 942 | _n0 | ||
| 999 |
_c115115 _d115115 |
||